| 000 | 00890aab a2200181 i 4500 | ||
|---|---|---|---|
| 001 | 768714001 | ||
| 003 | CO-MdFUSB | ||
| 005 | 20221116161118.0 | ||
| 008 | 221116s2002 sp ||||| |||| 00| 0 spa d | ||
| 040 |
_cCO-MdFUSB _dCO-MdFUSB _bspa |
||
| 041 | _aspa | ||
| 100 | 1 |
_aFreyne, Seán _eautor |
|
| 245 | 1 | 0 |
_aDebates cristológicos entre los cristianos joánicos _c/ Seán Freyne |
| 300 |
_aNúmero 294 (2002), Páginas 67-76 _c; 21 cm |
||
| 520 | _aEl cuarto evangelio fue considerado desde el principio diferente de los otros tres escritos canónicos cuyos rasgos comunes les valieron el calificativo de "sinópticos" que denota un punto de vista compartido. Estas divergencias ejercitaron las mentes y el ingenio exegético de los exegetas patrísticos desde Orígenes y san Agustín. | ||
| 773 | 0 |
_tConcilium _049450 _960418 _gNúmero 294 (2002), Páginas 67-76 _qPáginas 67 |
|
| 942 | _cANA | ||
| 999 |
_c49975 _d49975 |
||